|
|
|
|
| LEADER |
01638nam a2200421 a 4500 |
| 001 |
000595664 |
| 003 |
CZ BrMZK |
| 005 |
20091214112124.0 |
| 007 |
ta |
| 008 |
020417s2002 xr e cze d |
| 015 |
|
|
|a cnb001112159
|
| 020 |
|
|
|a 80-7217-169-0
|
| 035 |
|
|
|a (OCoLC)51184489
|
| 040 |
|
|
|a BOA001
|b cze
|
| 043 |
|
|
|a a-ja---
|a a-ko---
|
| 072 |
|
7 |
|a 796
|x Sport. Hry. Tělesná cvičení
|2 Konspekt
|9 20
|
| 080 |
|
|
|a 796.332
|2 MRF
|
| 080 |
|
|
|a 796.332.093.1(100)
|2 MRF
|
| 080 |
|
|
|a (520)
|2 MRF
|
| 080 |
|
|
|a (519.5)
|2 MRF
|
| 080 |
|
|
|a (084.11)
|2 MRF
|
| 100 |
1 |
|
|a Radnedge, Keir
|7 xx0002266
|4 aut
|
| 245 |
1 |
0 |
|a Mistrovství světa 2002 :
|b Japonsko, Jižní Korea : fakta /
|c Keir Radnedge
|
| 246 |
3 |
3 |
|a Jižní Korea
|
| 246 |
3 |
3 |
|a Japonsko
|
| 260 |
|
|
|a [Brno] :
|b Jota,
|c 2002
|
| 300 |
|
|
|a 80 s. :
|b barev. il. ;
|c 28 cm
|
| 500 |
|
|
|a Dostupné též v digitální podobě v aplikaci Kramerius
|
| 611 |
2 |
7 |
|a Mistrovství světa ve fotbale
|n (17. :
|d 2002 :
|c Japonsko;
|c Korejská republika)
|7 kn20020613009
|2 czenas
|
| 650 |
0 |
7 |
|a mistrovství světa ve fotbale
|7 ph122907
|z Japonsko
|2 czenas
|
| 650 |
0 |
7 |
|a mistrovství světa ve fotbale
|7 ph122907
|z Korejská republika
|2 czenas
|
| 650 |
0 |
7 |
|a fotbal
|7 ph114578
|z Japonsko
|2 czenas
|
| 650 |
0 |
7 |
|a fotbal
|7 ph114578
|z Korejská republika
|2 czenas
|
| 655 |
|
7 |
|a obrazové publikace
|7 fd132947
|2 czenas
|
| 856 |
4 |
1 |
|u http://www.digitalniknihovna.cz/mzk/uuid/uuid:abaf2b00-fd7a-11e6-8830-005056827e51
|y Digitalizovaný dokument
|x NDK
|
| 910 |
|
|
|a BOA001
|b 3-1102.073
|
| 990 |
|
|
|a BK
|
| 996 |
6 |
|
|b 2610159165
|c 3-1102.073
|l MZK
|r Sklad / do 1 hodiny
|n 0
|p p.v.
|w 000595664
|u 000010
|a 1
|e BOA001
|j MZK50
|s P
|